Quantitative Chemical Analysis
| Main Author: | |
|---|---|
| Format: | Section = Libro |
| Language: | Undetermined Spanish |
| Published: |
London
[s.e]
1948
|
| Subjects: |
| LEADER | 00571nam a2200217Ia 4500 | ||
|---|---|---|---|
| 008 | 240830s9999 xx 000 0 und d | ||
| 040 | |a CEDOC FIQ-RUSB / 543 C475 | ||
| 041 | |a spa | ||
| 082 | |a 543 C475 | ||
| 100 | 1 | |a Cumming, Alex Charles | |
| 245 | 1 | 0 | |a Quantitative Chemical Analysis |
| 260 | |a London |b [s.e] |c 1948 | ||
| 300 | |a 533 p.: il. | ||
| 650 | 7 | |a QUIMICA ANALITICA | |
| 650 | 7 | |b PRINCIPIO GENERALES | |
| 650 | 7 | |c ANALISIS VOLUMETRICO | |
| 650 | 7 | |d ANALISIS GRAVIMETRICO | |
| 650 | 7 | |e METODOS COLORIMRTRICOS | |
| 942 | |c BK |2 ddc | ||
| 991 | |a TEXTO | ||
| 999 | |c 27096 | ||